000 00402pab a2200145 454500
008 180718b2002 xxu||||| |||| 00| 0 eng d
100 _aPrakash, A. Surya
245 _aNeed to regulate the working of political parties
260 _c2002
300 _ap.192-97.
362 _aJan-Dec
650 _aPolitical parties
773 _aJournal of Constitutional and Parliamentary Studies
909 _a61147
999 _c61147
_d61147